| 000 | 00890nam a22003011c 4500 | ||
|---|---|---|---|
| 001 | a987694530 | ||
| 008 | 200417s2000 gw |||| 000u ger d | ||
| 020 |
_a9783789067563 _9978-3-7890-6756-3 |
||
| 041 | _ager | ||
| 100 | 1 | _aEisermann, Daniel | |
| 245 | 0 | 4 |
_aDer lange Weg nach Dayton : _bDie westliche Politik und der Krieg im ehemaligen Jugoslawien 1991 bis 1995 |
| 264 |
_aBaden-Baden : _bNomos, _c2000 |
||
| 300 | _a443 Seiten | ||
| 648 | 0 | _a1991-1995 | |
| 650 | 0 | _aAbkommen von Dayton | |
| 650 | 0 | _aBewaffneter Konflikt | |
| 650 | 0 | _aInternationale Organisation | |
| 650 | 0 | _aKonfliktregelung | |
| 650 | 0 | _aNationalitätenfrage | |
| 650 | 0 | _aVorgeschichte | |
| 650 | 0 | _aWestliche Welt | |
| 651 | 0 | _aBosnien-Herzegowina | |
| 651 | 0 | _aJugoslawien | |
| 942 | _cMG | ||
| 040 | _cRU-10907106 | ||
| 003 | RU-10907106 | ||
| 999 |
_c30905 _d30905 |
||
| 490 | 0 | _aBonner Studien zum Jugoslawienkonflikt | |